[Event "Trophee Roza Lallemand Online"]
[Site "Tornelo INT"]
[Date "2020.12.13"]
[Round "1"]
[White "Rozec, Tahina"]
[Black "Dupre, Elena"]
[Result "1-0"]
[WhiteElo "1268"]
[BlackElo "1334"]
[PlyCount "47"]
[EventDate "2020.12.13"]
[EventType "swiss (rapid)"]
[EventRounds "9"]
[EventCountry "USA"]
[SourceTitle "EXT 2022"]
[Source "ChessBase"]
[SourceDate "2021.10.06"]
[SourceVersion "1"]
[SourceVersionDate "2021.10.06"]
[SourceQuality "1"]

1. d4 e6 2. c4 c5 3. Nf3 Nf6 4. g3 cxd4 5. Nxd4 Be7 6. Bg2 0-0 7. 0-0 d5 8. cxd5 Nxd5 9. e4 Nb6 10. Nc3 Bd7 11. Be3 Nc6 12. Nxc6 Bxc6 13. Rc1 Nc4 14. Qe2 Nxe3 15. Qxe3 e5 16. Rfd1 Qc7 17. Nd5 Bxd5 18. Rxc7 Bxa2 19. Rxe7 b6 20. Rxe5 Rac8 21. Qe2 Bb3 22. Rb1 Rc2 23. Qb5 Rfc8 24. Re8+ 1-0